| 000 | 00000cam 2200000zi 4500 |
| 001 | 9.904815 |
| 003 | CaOODSP |
| 005 | 20260514080445 |
| 006 | m o d f |
| 007 | cr cn||||||||| |
| 008 | 211110e202111##onca o f000 0 eng d |
| 040 | |aCaOODSP|beng|erda|cCaOODSP |
| 043 | |an-cn--- |
| 086 | 1 |aP29-043-125-2021E-PDF |
| 245 | 00|aPackaging of category A and category B infectious substances (class 6, division 6.2) and clinical, (bio) medical or regulated medical waste. |
| 264 | 1|aOttawa, Ontario : |bCanadian General Standards Board : |bStandards Council of Canada, |cNovember 2021. |
| 264 | 4|c©2021 |
| 300 | |a1 online resource (ii, 35 pages) : |billustrations. |
| 336 | |atext|btxt|2rdacontent |
| 337 | |acomputer|bc|2rdamedia |
| 338 | |aonline resource|bcr|2rdacarrier |
| 490 | 1 |aNational standard of Canada ; |vCAN/CGSB-43.125-2021 |
| 500 | |a"Experience and excellence"--Cover. |
| 500 | |aSupersedes CAN/CGSB-43.125-2016. |
| 500 | |aIssued also in French under title: Emballages pour matières infectieuses de catégorie A et de catégorie B (classe 6, division 6.2) et déchet d’hôpital, (bio) médical ou médical réglementé. |
| 500 | |a"The Standards Council of Canada has granted a 2-year extension on the maintenance deadline of this standard, from November 10, 2026 to November 10, 2028" -- Statement supplied by the Canadian General Standards Board (2026-05-13). |
| 520 | |a"This National Standard of Canada sets out requirements for designing, manufacturing, marking, testing, selecting and using means of containment for the transportation of Category A and Category B infectious substances in Class 6, Division 6.2, solid medical waste of Category A and clinical, (bio) medical or regulated medical waste"--Scope, page 1. |
| 650 | 0|aMedical wastes|xPackaging|xStandards|zCanada. |
| 650 | 0|aMedical wastes|xTransportation|xStandards|zCanada. |
| 650 | 0|aMedical wastes|zCanada|xSafety measures. |
| 710 | 2 |aStandards Council of Canada, |eissuing body. |
| 710 | 2 |aCanadian General Standards Board, |eissuing body. |
| 775 | 08|tEmballages pour matières infectieuses de catégorie A et de catégorie B (classe 6, division 6.2) et déchet d’hôpital, (bio) médical ou médical réglementé.|w(CaOODSP)9.904820 |
| 795 | |tPackaging of category A and category B infectious substances (class 6.2) and clinical, (bio) medical or regulated medical waste |w(CaOODSP)9.835233 |
| 830 | #0|aNational standard of Canada ;|vCAN/CGSB-43.125-2021.|w(CaOODSP)9.507848 |
| 856 | 40|qPDF|s608 KB|uhttps://publications.gc.ca/collections/collection_2021/ongc-cgsb/P29-043-125-2021-eng.pdf |